| 000 | 00757cam a22002537a 4500 | ||
|---|---|---|---|
| 001 | 3379 | ||
| 005 | 20250829143358.0 | ||
| 020 | _a9781612360171 | ||
| 040 |
_aDLC _cDLC _dDLC _beng |
||
| 050 | 0 | 0 | _aM1997.K666 |
| 082 | _a782.4 | ||
| 100 | 1 | _aKoontz, Robin | |
| 245 | 1 | 0 |
_aOld McDoggle had a zoo / _cwritten and illustrated by Robin Koontz |
| 260 |
_aVero Beach : _bRourke Publishing , _cc2012. |
||
| 300 |
_a24 pages : _bcolor illustrations ; _c21cm. |
||
| 490 | 0 | _aLittle birdie books | |
| 505 | _aJ | ||
| 520 | _aThis Fluent Reader Retells A Classic Story. | ||
| 521 |
_a460
_bLexile |
||
| 521 |
_aJ
_bRaz-Plus |
||
| 650 |
_azoo animals _vNon-fiction |
||
| 906 |
_a0 _bibc _corignew _d4 _eepcn _f20 _gy-gencatlg |
||
| 942 |
_2ddc _cBK _n0 |
||
| 999 |
_c3379 _d3379 |
||